The Role of Online Marketing in the Hotel Industry in Hungary Presentation of the importance of online marketing in today's world and the examination of the Hungarian's booking habits

Bibliográfiai részletek
Szerző: Barta Brigitta
További közreműködők: Papp Judit
Dokumentumtípus: Diplomadolgozat
Kulcsszavak:Online marketing
Hotel
Booking
Reservation habits
Online marketing in Hungary
Online Access:http://dolgozattar.uni-bge.hu/2830

MARC

LEADER 00000nta a2200000 i 4500
001 dolg2830
005 20151215121525.0
008 150513suuuu hu om 000 eng d
040 |a BGE Dolgozattár Repozitórium  |b hun 
041 |a en 
100 1 |a Barta Brigitta 
245 1 4 |a The Role of Online Marketing in the Hotel Industry in Hungary  |b Presentation of the importance of online marketing in today's world and the examination of the Hungarian's booking habits  |c Barta Brigitta  |h [elektronikus dokumentum] 
246 1 1 |a The Role of Online Marketing in the Hotel Industry in Hungary: Presentation of the importance of online marketing in today's world and the examination of the Hungarian's booking habits 
695 |a Online marketing 
695 |a Hotel 
695 |a Booking 
695 |a Reservation habits 
695 |a Online marketing in Hungary 
700 1 |a Papp Judit  |e ths 
856 4 0 |u http://dolgozattar.uni-bge.hu/2830/1/Dissertation%20Barta%20Brigitta%202015.05.13..pdf  |z Dokumentum-elérés